| 000 | 02838nam a2200301 4500 | ||
|---|---|---|---|
| 003 | EC-UNACH | ||
| 005 | 20251015141807.0 | ||
| 006 | s||||gr|||| 00| 00 | ||
| 008 | 150116t9999 mx r gr 000 0 spa d | ||
| 020 | _a978-84-7360-255-6 | ||
| 040 |
_aEC-UNACH _cEC-UNACH |
||
| 041 | _aspa | ||
| 082 | 0 | 4 |
_223 _a344.1 _bL001674 |
| 110 | _aEditorial Tébar | ||
| 245 | _aSeguridad e higiene del trabajo : Técnicas de prevención de riesgos laborales | ||
| 250 | _aNovena edición | ||
| 264 |
_aMadrid _bEditorial Tébar _c2007 |
||
| 300 |
_a776 páginas _bTablas |
||
| 505 | _aÍNDICE. -- I. MÉTODO CIENTÍFICO. -- II. FUNDAMENTOS DE LA BIOLOGÍA CELULAR MODERNA. -- III. COMPONENTES QUÍMICOS CELULARES. -- IV. CARACTERÍSTICAS DE LAS CÉLULAS. -- V. MEMBRANA PLASMÁTICA. -- VI. SISTEMA DE ENDOMEMBRANAS. -- VII. ORGÁNULOS CELULARES CON FUNCIONES ESPECÍFICAS. -- VIII. ORGÁNULOS DE CONVERSIÓN ENERGÉTICA. -- IX. CITOESQUELETO. -- X. UNIONES DE LAS CÉLULAS ENTRE SÍ Y CON LA MATRIZ EXTRACELULAR. -- XI. PARED CELULAR. -- XII. NÚCLEO CELULAR. -- XII. CICLO CELULAR. -- XIV. CONCEPTOS BÁSICOS DE BIOTECNOLOGÍA. …………………. Contenido. -- Prefacio. -- Prólogos del autor. -- I. INTRODUCCIÓN A LA SEGURIDAD E HIGIENE DEL TRABAJO. -- Capítulo 1. Salud y trabajo terminología básica. Daños profesionales y técnicas de prevención. -- Capítulo 2. Seguridad e higiene del trabajo. -- Capítulo 3. Legislación sobre prevención de riesgos laborales. Responsabilidades y sanciones. -- II. SEGURIDAD DEL TRABAJO. -- Capítulo 4. El accidente de trabajo. Seguridad en el trabajo. -- Capítulo 5. Análisis estadístico de los accidentes. Índices estadísticos. Sistema de representación gráfica. Evolución de la siniestralidad en España. -- Capítulo 6. Justificación de la prevención. Economía de la seguridad. Calidad y seguridad. -- Capítulo 7. Técnicas de seguridad. -- Capítulo 8. Evaluación de riesgos. -- Capítulo 9. Técnicas analíticas posteriores al accidente. Investigación de accidentes. -- Capítulo 10. Técnicas analíticas de prevención de accidentes. Inspecciones de seguridad. -- III. HIGIENE DEL TRABAJO. -- IV. SEGURIDAD EN EL PROYECTO Y MAPAS DE RIESGOS. -- V. ERGONOMÍA. -- VI. PSICOSOCIOLOGÍA APLICADA A LA PREVENCIÓN. -- VII. MEDICINA DEL TRABAJO. -- VIII. OTRAS ACTUACIONES EN MATERIA DE PREVENCIÓN DE RIESGOS LABORALES. -- IX. ORGANIZACIÓN Y ADMINISTRACIÓN DE LA PREVENCIÓN. -- ANEXOS. -- BIBLIOGRAFÍA. | ||
| 650 | _aRIESGO LABORAL | ||
| 650 | _aLEY DE PREVENCIÓN | ||
| 650 | _aNORMAS DE SEGURIDAD | ||
| 700 | _aCortés Díaz, José María | ||
| 942 |
_c1 _2ddc |
||
| 999 | _c14011 | ||